书目信息 |
| 题名: |
药理学实验教程
|
|
| 作者: | 温瑞兴 , 肖向茜 主编 | |
| 分册: | ||
| 出版信息: | 北京 北京工业大学出版社 2014 |
|
| 页数: | 407页 | |
| 开本: | 26cm | |
| 丛书名: | ||
| 单 册: | ||
| 中图分类: | R965.2 | |
| 科图分类: | ||
| 主题词: | 药理学--实验--高等学校--教材 | |
| 电子资源: | ||
| ISBN: | 978-7-5639-3772-1 | |
| 000 | 01010nam0 2200241 450 | |
| 001 | 012015000138 | |
| 005 | 20151130093526.28 | |
| 010 | @a978-7-5639-3772-1@dCNY48.00 | |
| 100 | @a20140429d2014 em y0chiy50 ea | |
| 101 | 0 | @achi |
| 102 | @aCN@b110000 | |
| 105 | @aa z 000yy | |
| 106 | @ar | |
| 200 | 1 | @a药理学实验教程@Ayao li xue shi yan jiao cheng@f温瑞兴,肖向茜主编 |
| 210 | @a北京@c北京工业大学出版社@d2014 | |
| 215 | @a407页@c图@d26cm | |
| 330 | @a本书对统计分析及药代动力学进行了较为详细的讨论,还引进了现代色谱技术的应用,详细介绍了色谱分离技术及鉴定方法,还对各种高效色谱仪的操作方法及注意事项进行了介绍。本书的另外两个亮点是流式细胞仪和全自动分子偶联仪在药理学研究中的应用,除了介绍仪器本身,还介绍了相关实验方法和实验案例。此外,还对细胞培养的方法学进行了仔细的介绍。 | |
| 606 | 0 | @a药理学@x实验@x高等学校@j教材 |
| 690 | @aR965.2@v5 | |
| 701 | 0 | @a温瑞兴@Awen rui xing@4主编 |
| 701 | 0 | @a肖向茜@Axiao xiang xi@4主编 |
| 801 | 0 | @aCN@b碧洲教育@c20151127 |
| 905 | @a10447@f4@dR965.2@e107 | |
| 药理学实验教程/温瑞兴,肖向茜主编.-北京:北京工业大学出版社,2014 |
| 407页:图;26cm |
| ISBN 978-7-5639-3772-1:CNY48.00 |
| 本书对统计分析及药代动力学进行了较为详细的讨论,还引进了现代色谱技术的应用,详细介绍了色谱分离技术及鉴定方法,还对各种高效色谱仪的操作方法及注意事项进行了介绍。本书的另外两个亮点是流式细胞仪和全自动分子偶联仪在药理学研究中的应用,除了介绍仪器本身,还介绍了相关实验方法和实验案例。此外,还对细胞培养的方法学进行了仔细的介绍。 |
| ● |
| 相关链接 |
|
|
|
|
正题名:药理学实验教程
索取号:R965.2/107
 
预约/预借
| 序号 | 登录号 | 条形码 | 馆藏地/架位号 | 状态 | 备注 |
| 1 | 0871030 | 208710304 | 第二样本阅览室/ [索取号:R965.2/107] | 在馆 | |
| 2 | 0871031 | 208710313 | 第三借阅区/ [索取号:R965.2/107] | 在馆 | |
| 3 | 0871032 | 208710322 | 第三借阅区/ [索取号:R965.2/107] | 在馆 | |
| 4 | 0871033 | 208710331 | 密集书库-生命科学系/ [索取号:R965.2/107] | 在馆 |